00874nam a2200193 a 450000100100000000500170001000800410002704000250006808200150009310000300010824501320013826000380027030000210030850000580032970000490038795201130043695201140054999900170066300003829120201002031222.0130408s1997 dr 000 0 spa d aDO-SdBNPbspacBNPHU axxxxbxxxx1 aMartínez, Nelson96465810a¿Quienes son los evangélicos? ¿Quieres ser uno de ellos? /cNelson Novas Martínez ; prólogo Carlos Manuel Ventura Mota. aSanto Domingo :bLa Abeja,c1997. a110 p. ;c21 cm. aIncluye datos biográficos del autor en las solapas.12aVentura Mota, Carlos Manuel,epról.964659 0010718PDaPDbPDcCTd2013-04-08iLF1l0oxxxx xxxxp38291-10r2020-06-25w2020-06-25yLFPDZNo se presta 00107-18PDaPDbPDcOId2013-07-31iLF1l0oxxxx xxxxp38291-20r2020-06-25w2020-06-25yLFPDZNo se presta c37781d37781